Spider-Man Villains Quiz! - Statistics

General Stats
  • This quiz has been taken 230 times
  • The average score is 25 of 46
Answer Stats
Hint Answer % Correct
The leader of Oscorp, who's alter-ego is an insane terrorist that has a green appearance Green Goblin
99%
Has four robotic arms. Also known for becoming the Superior Spider-Man Doctor Octopus
98%
Black alien symbiote that attaches to a host and acquires a vicious, scary appearance Venom
96%
Has electrical powers Electro
95%
Has a body made completely of sand Sand-Man
95%
Same species as the above, except has a red appearance Carnage
93%
A scientist that uses a serum to give himself the strength, speed and appearance of a reptile Lizard
93%
An ex-actor that uses hallucination gasses to create illusions Mysterio
93%
Has a pair of robotic wings that resemble that of a bird's Vulture
93%
Leader of a massive crime empire in New York City Kingpin
92%
Has very thick, impenetrable grey skin Rhino
90%
Uses two gauntlets that can create shock waves Shocker
90%
Orange variant of the above Hobgoblin
87%
A cat-burglar who became one of Spider-Man's love interests Black Cat
81%
A Russian nobleman who has an interest in African animals and has heightened senses Kraven the Hunter
78%
Uses disguises to impersonate other people Chameleon
76%
A "Living Vampire" Morbius
74%
Has a body made completely of water Hydro-Man
70%
A vigilante who has a distinctive skull on his chest Punisher
61%
An albino mobster Tombstone
58%
Scientist who creates clones and uses them to his advantage. Has a gremlin-like suit Jackal
53%
Named after an Australian animal. Can jump really high Kangaroo
53%
A flying villain named after an insect. Can shoot powerful blasts of energy Beetle
52%
Has a body made completely of fire and lava Molten-Man
52%
Has the same name as an iconic Australian weapon Boomerang
51%
An assassin trained in hand-to-hand combat. Named after a large, hairy spider Tarantula
42%
A mercenary with the ability to mimic the fighting movements of superheroes in order to beat them Taskmaster
42%
A villain capable of creating portals Spot
37%
A demon who rules a hell-like dimension filled with stolen souls Mephisto
36%
A villain-for-hire who wears a flaming Halloween-style mask Jack O'Lantern
35%
Crime-lord who has the power of flight. Named after a nocturnal bird Owl
35%
A villain who drives a large vehicle resembling a wheel Big Wheel
33%
Can transform into a colony of bees Swarm
32%
Has special armor that allows them to climb walls like Spider-Man Prowler
26%
Commands an army of robots that were designed to kill Spider-Man Spider-Slayer (Alistair Smythe)
25%
A dimension-jumping vampire who is almost invulnerable Morlun
24%
A demon who resembles the Green Goblin Demogoblin
23%
A rat-like monstrosity created in WW2 by Nazi scientist Baron Zemo Vermin
22%
Super-fast villain Speed Demon
19%
A murderous inventor who owns a theme park called "Murder World" Arcade
17%
Can cause flesh to rot with just a touch Carrion
12%
A vicious copy of Spider-Man with eight limbs who was created by Adam Warlock Doppelganger
12%
Half man, half insect Fly
11%
Has the strength and appearance of a dinosaur Stegron
11%
Has a staff that delivers "Beta Particle Blasts"; a special energy force that is contained within a device that has replaced this villain's heart Cardiac
8%
A pair of villains. One can drain the life of any living thing they touch and the other's body is made entirely of stone Styx and Stone
7%
No matching quizzes found
Score Distribution
Percent of People with Each Score
Percentile by Number Answered
Your Score History
You have not taken this quiz